000 01293nam a22002898a 4500
005 20180803170425.0
008 170215s2016 ck a r 00010 spa d
020 _a9789587222463
040 _aCO-BoBLA
_cCO-BoBLA
041 0 4 _aspa
044 _ack
082 0 4 _a665.776
_bM49c
100 1 _aMedina Varela, Pedro Daniel
_eautor
245 1 0 _aCaracterización y propuestas de producción limpia en los principales procesos productivos regionales /
_cPedro Daniel Medina Varela, Eduardo Arturo Cruz Trejos y Carlos Alberto Buriticá Noreña
260 _aPereira (Colombia) :
_bUniversidad Tecnológica de Pereira. Facultad de Ingeniería Industrial,
_c2016.
300 _a165 páginas :
_bilustraciones, tablas y gráficos ;
_c23 x 17 cm.
490 0 _aColección de trabajos de investigación
504 _aIncluye referencias bibliográficas: páginas 163-165.
650 2 4 _aProducción más limpia
_zColombia.
650 2 6 _aPolítica ambiental
_z Colombia.
650 2 6 _aGestión de ecosistemas
_zColombia
650 2 6 _aEconomía medioambiental
_zColombia
650 2 6 _aGestión ambiental
700 1 _aCruz Trejos, Eduardo Arturo
_eautor
700 1 _aBuriticá Noreña, Carlos Alberto
_eautor
942 _2ddc
_cLIBRO
999 _c19854
_d19854